Zlatá kniha dezertů /

Hlavní autor: Lane, Rachel
Další autoři: Bardi, Carla
Jazyk: Čeština
Vydáno: Praha : Reader's Digest Výběr, 2011
Vydání: Vyd. 1.
Témata:
Fyzický popis: 608 s. : barev. il. ; 22 cm
Knihy
Uloženo v:
LEADER 01490nam a2200457 a 4500
001 nkc20112195990
003 CZ PrNK
005 20111124062029.0
007 ta
008 110609s2011 xr a e f 001 0 cze
015 |a cnb002195990 
020 |a 978-80-7406-175-2  |q (váz.) 
035 |a (OCoLC)768556432 
040 |a OLA001  |b cze  |d BOA001  |d ABA001 
041 1 |a cze  |h eng 
072 7 |a 641  |x Kuchařství. Potraviny. Vařená jídla  |2 Konspekt  |9 19 
080 |a 641.85  |2 MRF 
080 |a (083.12)  |2 MRF 
100 1 |a Lane, Rachel  |7 mzk2009544326  |4 aut 
245 1 0 |a Zlatá kniha dezertů /  |c [autorky Rachel Lane, Carla Bardi] 
250 |a Vyd. 1. 
260 |a Praha :  |b Reader's Digest Výběr,  |c 2011 
300 |a 608 s. :  |b barev. il. ;  |c 22 cm 
500 |a Přeloženo z angličtiny 
500 |a Obsahuje rejstřík 
650 0 7 |a dezerty  |7 ph114308  |2 czenas 
650 0 7 |a moučníky  |7 ph115366  |2 czenas 
650 0 7 |a dorty  |7 ph114352  |2 czenas 
650 0 7 |a sladká jídla  |7 ph116172  |2 czenas 
650 0 9 |a desserts  |2 eczenas 
650 0 9 |a cakes  |2 eczenas 
650 0 9 |a sweet dishes  |2 eczenas 
655 7 |a kuchařské recepty  |7 fd132687  |2 czenas 
655 9 |a cookbooks  |2 eczenas 
700 1 |a Bardi, Carla  |7 mzk2005286813  |4 aut 
765 0 |t Golden book of desserts  |9 Česky 
910 2 |a BOA001  |b 2-1275.315 
990 |a BK 
995 |a 01 
991 |b 201111  |c NOV  |e n 
996 6 |b 2610493015  |c 2-1275.315  |l MZK  |r Sklad / do 1 hodiny  |n 0  |p p.v.  |w 001213046  |u 000010  |a 1  |e BOA001  |j MZK50  |s P